[Event "Arco op 45th"]
[Site "Arco"]
[Date "2023.10.09"]
[Round "3"]
[White "Schwickert, Michael"]
[Black "Kopelevitch, Eli"]
[Result "1-0"]
[WhiteElo "1951"]
[BlackElo "1709"]
[PlyCount "105"]
[EventDate "2023.10.07"]
[EventType "swiss"]
[EventRounds "9"]
[EventCountry "ITA"]
[SourceTitle "Mega2024 Update 01"]
[Source "Chessbase"]
[SourceDate "2023.11.12"]
[SourceVersion "1"]
[SourceVersionDate "2023.11.12"]
[SourceQuality "1"]

1. Nf3 g6 2. e4 Bg7 3. Be2 d6 4. d4 f5 5. exf5 Bxf5 6. c3 Nf6 7. Nbd2 Nbd7 8. Qb3 Nb6 9. Nh4 Bd7 10. Bd3 Ba4 11. Qa3 0-0 12. Ndf3 e5 13. dxe5 dxe5 14. Bc4+ Nfd5 15. 0-0 Nxc4 16. Qxa4 Ndb6 17. Qb3 Kh8 18. Ng5 Bf6 19. Nhf3 Qe7 20. Ne4 Bg7 21. Qd1 Rad8 22. Qe2 h6 23. b3 Nd6 24. Ba3 Qe6 25. Rad1 Rf4 26. Nc5 Qf6 27. Bc1 Rf5 28. Ne4 Qe7 29. c4 Nxe4 30. Qxe4 Kh7 31. Rfe1 Rxd1 32. Rxd1 Nd7 33. Qd5 Nf6 34. Qd8 Qxd8 35. Rxd8 Ng4 36. h3 Nxf2 37. Kxf2 e4 38. Rd7 Kg8 39. Rxc7 exf3 40. gxf3 Rh5 41. Rxb7 Rf5 42. Be3 a5 43. Rb5 Rxb5 44. cxb5 h5 45. Bb6 Bc3 46. Ke3 Kf7 47. Kd3 Be1 48. Bd4 Bg3 49. Kc4 Ke6 50. Kc5 Kd7 51. b6 Kc8 52. Kc6 Kb8 53. Bc3 1-0

[Event "Rheinland Pfalz Seniors op"]
[Site "Altenkirchen"]
[Date "2023.09.05"]
[Round "1"]
[White "Schwickert, Michael"]
[Black "Schmidt, Peter4444"]
[Result "1-0"]
[WhiteElo "1874"]
[BlackElo "1172"]
[PlyCount "90"]
[EventDate "2023.09.05"]
[EventType "swiss"]
[EventRounds "9"]
[EventCountry "GER"]
[SourceTitle "EXT 2024"]
[Source "ChessBase"]
[SourceDate "2023.10.10"]
[SourceVersion "1"]
[SourceVersionDate "2023.10.10"]
[SourceQuality "1"]

1. e4 d6 2. d4 Nf6 3. Nc3 g6 4. Nf3 Bg7 5. Bg5 0-0 6. Qd2 c5 7. d5 Bg4 8. Be2 Qb6 9. 0-0 a6 10. h3 Bxf3 11. Bxf3 Nbd7 12. Rab1 Ne5 13. Be2 Qc7 14. Rbe1 b5 15. f4 Ned7 16. Bf3 Qd8 17. e5 Ne8 18. exd6 Nxd6 19. Bxe7 Qb6 20. Bxf8 Rxf8 21. Kh2 Qb8 22. g3 b4 23. Ne4 Bxb2 24. Qe2 Re8 25. Qxa6 Nxe4 26. Rxe4 Rxe4 27. Bxe4 Kg7 28. Bf3 Bc3 29. Rf2 Qc7 30. Re2 Qd8 31. Qd6 Bf6 32. Bg4 Nb6 33. Qc6 h5 34. Bf3 Nd7 35. d6 h4 36. Bg4 hxg3+ 37. Kg2 Nb8 38. Qc7 Na6 39. Qxd8 Bxd8 40. Re8 f5 41. Rxd8 fxg4 42. Ra8 gxh3+ 43. Kxh3 g2 44. Kxg2 Kf7 45. Rxa6 Ke8 1-0